| 000 | 00994nam0a22002531 4500 | ||
|---|---|---|---|
| 001 | rc\267627 | ||
| 005 | 20030307115641.6 | ||
| 021 |
_aRU _bКН-П-19-094876 _9КН-П-19-6953 |
||
| 035 | _a(NLR Aleph) 005473690 | ||
| 090 |
_a5070130 _c5070130 |
||
| 100 | _a20030307d1991 u y0rusy50 ca | ||
| 101 | 0 |
_arus _aeng |
|
| 102 | _aRU | ||
| 105 | _ay ||||||||| | ||
| 200 | 1 |
_aРусско-английский толковый словарь международных финансовых, валютных, биржевых терминов и понятий _f[В.Л. Грейниман и др.] |
|
| 210 |
_aМ. _cЦентр "Партнер" _cЭХТО Ассоц. учреждений культуры профсоюзов СССР _d1991 |
||
| 215 |
_a135, [1] с. _d21 |
||
| 320 | _aБиблиогр.: с. 3-4 (8 назв.) | ||
| 702 | 1 |
_aГрейниман _bВ.Л. _4220 |
|
| 801 | 0 |
_aRU _bNLR _gpsbo |
|
| 801 | 1 |
_aRU _bELAR _2rusmarc |
|
| 852 |
_aNLR _bС _jК-1/5447 |
||
| 942 | _cBOOK | ||
| 980 | _aNB | ||